| 000 | 00372nam a2200133Ia 4500 | ||
|---|---|---|---|
| 005 | 20251222144917.0 | ||
| 008 | 251222s9999||||xx |||||||||||||| ||spa|| | ||
| 020 | _a9972-2939-4-7 | ||
| 082 | _a781.628.5/V39 | ||
| 100 | _aVega Salvatierra, Zoila Elena | ||
| 245 | 0 | _aVida Musical Cotidiana en Arequipa durante el Oncenio de LeguĂa: | |
| 264 | _bResergraf | ||
| 942 | _cLIB | ||
| 999 |
_c22563 _d22563 |
||